000 00543nam a22001937a 4500
003 KOHA_MİRAKIL
005 20251209073430.0
008 251209b tu ||||| |||| 00| 0 tur d
020 _a9786059897891
040 _aTR-AnABB
_btur
_cTR-AnABB
041 _atur
082 _a338.47915622314
_bKAR 2023
100 1 _aKargül, Oktay,
245 1 0 _aTarihi kentlerde turizm yönetim planı /
_cOktay Kargül
260 _aBursa :
_bNilüfer Belediyesi
_c2023
300 _a174 sayfa ;
_c30 cm
650 0 4 _aTurizm
942 _2ddc
_cBK
999 _c9698
_d9698
900 _bGizem YORULMAZ